000 00592nam a2200157 i 4500
001 181574
003 ES-MaACL
005 20250901223517.0
008 130219s1873 sp |||| | spa d
110 2 _aEscuela Especial de Náutica y Comercio (Ribadeo)
_9152289
245 1 0 _aMemoria correspondiente al curso académico de 1872 a 1873
_b: Rivadeo 1º de octubre de 1873 /
_c[Juan Asúnsolo Martínez].
260 _aRivadeo :
_b[s.n.],
_c1873 (
_fImp. de la viuda é hijos de Cascante)
300 _a7 p., [2] h. pleg. ;
_c21 cm.
852 _aES-MaACL
_jZ-3-F-6
999 _c181574
_d181574